Estudio integral de las valoraciones expropiatorias

Bibliographic Details
Main Author: Hm︢ero Martn̕, Antonio E.
Format: eBook
Language:Spanish
Published: Madrid: Dykinson, 2019
Subjects:
Online Access:Acceso restringido

MARC

LEADER 00000nam a22000007a 4500
005 20190828134321.0
007 cr|||| ||||
008 190828s2019 es |||||s|||| 00||0 spa d
020 |a 978-84-1324-242-2 
035 |a 24234 
040 |a vLex 
090 |c 9311  |d 9311 
100 1 |a Hm︢ero Martn̕, Antonio E. 
245 1 0 |a Estudio integral de las valoraciones expropiatorias  |h [Recurso electrn̤ico] /  |c Antonio E. Hm︢ero Martn̕ 
256 |a Servicio en ln̕ea 
260 |a Madrid:  |b Dykinson,  |c 2019 
300 |a 1 recurso electrn̤ico 
500 |a (Anl̀isis pormenorizado del ordenamiento jurd̕ico, jurisprudencia y casos prc̀ticos). La presente obra se conforma desde dos aspectos complementarios, por una parte, ter̤ico, en el cual se desarrolla y se comenta el texto correspondiente a las valoraciones de la vigente Ley de Suelo y Rehabilitacin̤ Urbana del aǫ 2015 y, por otra parte, prc̀tico porque se analizan casos prc̀ticos reales, ejercicios y ejemplos que resuelven las dudas que se pueden plantear desde la teora̕. Al mismo tiempo, recoge los cambios normativos y jurisprudenciales habidos tanto en el texto de dicha Ley como en su Reglamento y que afectan en una mayor o menor medida a las valoraciones expropiatorias y urbans̕ticas como consecuencia de las Sentencias del Tribunal Constitucional. Todo lo anterior confiere a dicha obra un carc̀ter integral, porque no trata tan solo las partes de las valoraciones indemnizatorias, sino que estudia la materia de una forma sencilla, asequible y comprensible a los estudiosos de la materia, en todas sus especialidades: arquitectura, urbanismo, derecho, economa̕, etc., considerǹdola, por tanto, imprescindible para todos los profesionales que de una manera especf̕ica o tangencial, se dedican a expropiaciones, indemnizaciones, ventas forzosas, responsabilidad patrimonial de la Administracin̤, etc., es decir: juristas, abogados, arquitectos, ingenieros, aparejadores, peritos judiciales, etc. 
506 1 |a Disponible solo en los productos indicados  |d vLex Global  |d vLex Global (Academic Edition, excluding Law Schools)  |d vLex Global (U.S. Academic Edition, Law Schools)  |d vLex Global (U.S. Academic Edition, excluding Law Schools)  |d vLex Global (Academic Edition, Law Schools) 
650 0 4 |a Derechos Reales  |z Espaą 
650 0 4 |a Derecho Pb︢lico y Administrativo  |z Espaą 
650 0 4 |a Urbanismo  |z Espaą 
740 0 |a vLex Libros (Servicio en ln̕ea) 
856 4 0 |u http://vlex.com/source/estudio-integral-de-las-valoraciones-expropiatorias-24234  |z Acceso restringido 
942 |c BOOK 
999 0 |a Real Rights 
999 0 |a Public and Administrative Law 
999 0 |a Urban planning